000
00316nam a2200109Ia 4500
008
220204s9999 xx 000 0 und d
082
_a
631.1(591.05)
_b
SOI
100
_a
Soong Ngin Kwi
245
0
_a
Soil erosion and conservation in Peninsular Malaysia: A monograph
260
_a
Kuala Lumpur
_b
RRIM
_c
1980
942
_c
BK
999
_c
43731
_d
43731